000 00397nam a2200133Ia 4500
008 191206s9999 xx 000 0 und d
020 _a0809134284 (pbk.) :
090 _aBT295C66
245 0 _aResponses to 101 questions about Jesus: Michael L. Cook
260 _aPaulist Press
260 _ccc1993
300 _a"x, 124 p. ; 21 cm."
999 _c16795
_d16795